Visualizzazione normale
Vista MARC
- Commissione precapitolare per la Vita religiosa
di Personal Name
Records bibliografici associati: 1
001 - CONTROL NUMBER
- control field: 476
003 - CONTROL NUMBER IDENTIFIER
- control field: IT-RoPau
005 - DATE AND TIME OF LATEST TRANSACTION
- control field: 20130321100542.0
008 - FIXED-LENGTH DATA ELEMENTS
- fixed length control field: 130321|| aca||aabn | a|a d
040 ## - CATALOGING SOURCE
- Original cataloging agency: IT-RoPau
- Transcribing agency: IT-RoPau
100 ## - HEADING--PERSONAL NAME
- Personal name: Commissione precapitolare per la Vita religiosa
670 ## - SOURCE DATA FOUND
- Source citation: Work cat.: (IT-RoPau): Commissione precapitolare per la Vita religiosa, Risultati della consultazione. Analisi e Proposte. Indici Tor San Lorenzo 20 / 03 - 16 / 04 / 1975, 1975